[Event "Landesklasse Ost 2015/2016"]
[Site "?"]
[Date "2015.12.20"]
[Round "5"]
[White "Hadlich, Gerald"]
[Black "Zeuner, Ulrich"]
[Result "0-1"]
[WhiteElo "1808"]
[BlackElo "1930"]
[PlyCount "172"]
[EventDate "2015.??.??"]
[WhiteTeam "SV Hermsdorf"]
[BlackTeam "SV Medizin Erfurt"]

1. e4 e5 2. Nf3 Nc6 3. Bb5 a6 4. Ba4 Nf6 5. O-O Be7 6. d3 d6 7. a3 O-O 8. Nc3
Bg4 9. Bxc6 bxc6 10. Ne2 Qd7 11. Ng3 h6 12. h3 Be6 13. b3 Kh7 14. Nh2 d5 15.
Nh5 g6 16. Nxf6+ Bxf6 17. Bb2 d4 18. a4 Bg7 19. Ba3 Rg8 20. Qe2 Rae8 21. Rae1
f5 22. g4 Bf6 23. f3 Rg7 24. Kg2 h5 25. Rh1 Rh8 26. Reg1 Kg8 27. Kf1 fxe4 28.
dxe4 d3 29. Qxd3 Qxd3+ 30. cxd3 Bxb3 31. a5 Rd7 32. gxh5 Rxh5 33. Ng4 Kf7 34.
Ke2 Bc2 35. Nf2 Bh4 36. Rc1 Ba4 37. Rc3 Bg3 38. Bc5 Rh8 39. Ra3 Bb5 40. Rc3 Ke6
41. Rg1 Bxf2 42. Bxf2 Kf6 43. h4 Rhd8 44. Rd1 Rb8 45. Be3 Ke6 46. Bg5 Ba4 47.
Rd2 Rb1 48. Ke3 Rf7 49. Ke2 Rh1 50. Kf2 Rh3 51. Kg2 Rhxf3 52. Rc1 Bb5 53. Rcd1
c5 54. Bd8 Kd7 55. Bg5 Kd6 56. Bd8 Bd7 57. Rh1 Kc6 58. h5 R3f4 59. h6 Rg4+ 60.
Kh2 Rh7 61. Rg2 Rxh6+ 62. Kg1 Rxg2+ 63. Kxg2 Rxh1 64. Kxh1 Bg4 65. Kg2 Be2 66.
Kf2 Bxd3 67. Ke3 Bb1 68. Bf6 Kd6 69. Bh4 c4 70. Be1 g5 71. Kf3 g4+ 72. Kxg4
Bxe4 73. Kg3 Kd5 74. Bc3 Bh1 75. Kf2 Ke4 76. Ke2 Bf3+ 77. Kd2 Kf4 78. Bb4 Bd5
79. Bc5 Be6 80. Be3+ Kf3 81. Bg5 e4 82. Kc3 e3 83. Kd4 Bf5 84. Kxc4 Kf2 85. Kd5
Bd7 86. Bh4+ Kf1 0-1

[Event "Landesklasse Ost 2015/2016"]
[Site "?"]
[Date "2015.12.20"]
[Round "5"]
[White "Kube, Hannelore"]
[Black "Schulz, Phillip"]
[Result "0-1"]
[WhiteElo "1836"]
[BlackElo "1718"]
[PlyCount "104"]
[EventDate "2015.??.??"]
[WhiteTeam "SV Medizin Erfurt"]
[BlackTeam "SV Hermsdorf"]

1. c4 c5 2. Nc3 Nc6 3. g3 g6 4. Bg2 Bg7 5. a3 d6 6. Rb1 Bf5 7. e4 Bd7 8. d3 e6
9. Nge2 Nge7 10. b4 Rb8 11. Nb5 Bc8 12. O-O a6 13. Nbc3 O-O 14. b5 axb5 15.
Nxb5 Ra8 16. Be3 e5 17. Qd2 Bg4 18. f3 Be6 19. Nec3 Qd7 20. Rb2 h5 21. Bh6 Rfd8
22. Rfb1 Kh7 23. Bxg7 Kxg7 24. h4 Rdb8 25. Kh2 Nd4 26. Qg5 f6 27. Qc1 Nec6 28.
Nd5 Bxd5 29. cxd5 Ne7 30. Nxd4 exd4 31. Bh3 Qc7 32. Ra1 Ra5 33. Rb3 b5 34. Qc2
Qa7 35. Qb2 Qc7 36. Bg2 Qa7 37. Qc1 Qa6 38. Qb2 Qa7 39. f4 Qa6 40. Qc1 Qa7 41.
Qd2 Qc7 42. Qa2 Qa7 43. Re1 Qc7 44. Qd2 Rba8 45. e5 Nf5 46. exf6+ Kxf6 47. Reb1
Rxa3 48. Rxb5 Ra2 49. R1b2 Rxb2 50. Rxb2 Re8 51. Bh3 Ne3 52. Be6 Nf1+ 0-1

[Event "Landesklasse Ost 2015/2016"]
[Site "?"]
[Date "2015.12.20"]
[Round "5"]
[White "Bülau, Daniel"]
[Black "Fischer, Dennis"]
[Result "0-1"]
[WhiteElo "1622"]
[BlackElo "1834"]
[PlyCount "78"]
[EventDate "2015.??.??"]
[WhiteTeam "SV Hermsdorf"]
[BlackTeam "SV Medizin Erfurt"]

1. e4 d6 2. d4 Nf6 3. Nc3 g6 4. f4 Bg7 5. Nf3 O-O 6. Bc4 c6 7. O-O b5 8. Bd3 b4
9. Ne2 Ba6 10. Ng3 Qb6 11. Kh1 Bxd3 12. Qxd3 Qa6 13. Qxa6 Nxa6 14. e5 Nd5 15.
Ne4 f5 16. Neg5 Nac7 17. Re1 Rfe8 18. Bd2 h6 19. Nh3 Nb5 20. Nf2 dxe5 21. dxe5
c5 22. Nd3 a5 23. Rac1 c4 24. Nf2 c3 25. bxc3 Nbxc3 26. Bxc3 Nxc3 27. Ra1 Red8
28. a3 a4 29. axb4 a3 30. Re3 Rdc8 31. Nd3 a2 32. Nc5 Ne4 33. Rb3 Nxc5 34. bxc5
Rxc5 35. Rb2 Rca5 36. Ne1 g5 37. fxg5 Bxe5 38. Nd3 Bxb2 39. Nxb2 Rb8 0-1

[Event "Landesklasse Ost 2015/2016"]
[Site "?"]
[Date "2015.12.20"]
[Round "5"]
[White "Rost, Detlef"]
[Black "Baulig, Manuel"]
[Result "1-0"]
[WhiteElo "1849"]
[BlackElo "1710"]
[PlyCount "131"]
[EventDate "2015.??.??"]
[WhiteTeam "SV Medizin Erfurt"]
[BlackTeam "SV Hermsdorf"]

1. d4 Nf6 2. c4 e6 3. Nf3 d5 4. Bg5 Be7 5. e3 O-O 6. Nc3 b6 7. Qc2 dxc4 8. Bxc4
Bb7 9. Be2 Nbd7 10. Rd1 a6 11. O-O Rc8 12. e4 b5 13. a3 c5 14. d5 exd5 15. exd5
Nxd5 16. Nxd5 Bxg5 17. Qf5 h6 18. h4 Bxh4 19. Nxh4 Qxh4 20. Qxd7 Bxd5 21. Qxd5
Qf6 22. Qb3 Rfe8 23. Qc2 c4 24. Bg4 Rcd8 25. Rxd8 Rxd8 26. Rd1 Rxd1+ 27. Bxd1
Qd4 28. Bf3 Qe5 29. Qc3 Qd6 30. Qe3 Qd8 31. Kf1 a5 32. Bc6 b4 33. axb4 axb4 34.
Qe8+ Qxe8 35. Bxe8 Kf8 36. Bb5 c3 37. bxc3 bxc3 38. Ke2 Ke7 39. Kd3 Kf6 40.
Kxc3 Ke5 41. Bd7 f5 42. Kd3 Kf4 43. Ke2 Ke4 44. Bc6+ Kf4 45. Bf3 g5 46. g3+ Ke5
47. Bh5 Ke4 48. f3+ Kd4 49. Bg6 Ke5 50. Ke3 f4+ 51. gxf4+ gxf4+ 52. Kf2 Kf6 53.
Be8 Kg5 54. Kg2 Kf5 55. Kh3 Kg5 56. Bd7 Kh5 57. Bg4+ Kg5 58. Be6 Kf6 59. Bd7
Kg5 60. Be8 h5 61. Bf7 Kf6 62. Bxh5 Kg5 63. Bg4 Kf6 64. Kh4 Kg6 65. Bd7 Kf6 66.
Kg4 1-0

[Event "Landesklasse Ost 2015/2016"]
[Site "?"]
[Date "2015.12.20"]
[Round "5"]
[White "Sperhake, Franz"]
[Black "Stumm, Rainer"]
[Result "1/2-1/2"]
[WhiteElo "1750"]
[BlackElo "1558"]
[PlyCount "80"]
[EventDate "2015.??.??"]
[WhiteTeam "SV Hermsdorf"]
[BlackTeam "SV Medizin Erfurt"]

1. d4 e6 2. Nf3 f5 3. c4 Nf6 4. Nc3 c6 5. Bg5 Be7 6. e3 O-O 7. Bd3 d5 8. O-O
Nbd7 9. cxd5 cxd5 10. Qc2 h6 11. Bxf6 Bxf6 12. Rac1 a6 13. Na4 Nb6 14. Nc5 Rb8
15. Qb3 Qd6 16. Rc2 Nd7 17. Rfc1 Nxc5 18. Rxc5 Bd7 19. Qc2 b6 20. Rc7 Bd8 21.
Rc3 b5 22. Qe2 Ba5 23. R3c2 Rfc8 24. Ne5 Rxc2 25. Rxc2 Be8 26. h3 Bd8 27. Rc3
Rb7 28. a3 Rc7 29. Qc2 Rxc3 30. Qxc3 Qc7 31. Qd2 Qa5 32. Qc1 Qc7 33. Qd2 Bf6
34. Nf3 g6 35. Be2 Kg7 36. b4 Be7 37. Ne5 Bd6 38. Nd3 Bd7 39. Nc5 Bc8 40. Bf3
Qb6 1/2-1/2

[Event "Landesklasse Ost 2015/2016"]
[Site "?"]
[Date "2015.12.20"]
[Round "5"]
[White "Schelter, Mario"]
[Black "Pietsch, Karsten"]
[Result "0-1"]
[WhiteElo "1609"]
[BlackElo "1668"]
[PlyCount "58"]
[EventDate "2015.??.??"]
[WhiteTeam "SV Medizin Erfurt"]
[BlackTeam "SV Hermsdorf"]

1. e4 e5 2. Nf3 Nf6 3. Nc3 Nc6 4. Bc4 Nxe4 5. Bxf7+ Kxf7 6. Nxe4 Be7 7. d3 Rf8
8. Bg5 d5 9. Bxe7 Qxe7 10. Ng3 Kg8 11. O-O Bg4 12. c3 Rad8 13. h3 Bxf3 14. gxf3
Qf7 15. Kg2 Rd6 16. Qe2 Rf6 17. Rad1 Rxf3 18. Rd2 h5 19. h4 g6 20. Rh1 Qf4 21.
Rh3 Qg4 22. Qe1 R8f7 23. Kh2 Qf4 24. Kg2 Nd8 25. Qe2 Ne6 26. Kg1 Qg4 27. Rh2 e4
28. dxe4 dxe4 29. Qxe4 Rxg3+ 0-1

[Event "Landesklasse Ost 2015/2016"]
[Site "?"]
[Date "2015.12.20"]
[Round "5"]
[White "Dietrich, Mareike"]
[Black "Wagner, Günther"]
[Result "0-1"]
[WhiteElo "1660"]
[BlackElo "1776"]
[PlyCount "56"]
[EventDate "2015.??.??"]
[WhiteTeam "SV Empor Erfurt"]
[BlackTeam "SV Jenapharm Jena"]

1. e4 c5 2. Nf3 d6 3. d4 cxd4 4. Nxd4 Nf6 5. Nc3 g6 6. Be3 Bg7 7. f3 O-O 8. Qd2
Nc6 9. g4 Nxd4 10. Bxd4 Be6 11. O-O-O a6 12. h4 b5 13. a3 b4 14. axb4 a5 15.
Nd5 Bxd5 16. exd5 axb4 17. Qxb4 Nxd5 18. Qc4 Ra1+ 19. Kd2 Qa5+ 20. c3 Rxd1+ 21.
Kxd1 e5 22. Bf2 Rb8 23. Kc2 Nf4 24. Qa6 Qd5 25. Qc4 Qxf3 26. Ba7 Ra8 27. Qc7
Qxh1 28. Bc4 Nd5 0-1

[Event "Landesklasse Ost 2015/2016"]
[Site "?"]
[Date "2015.12.20"]
[Round "5"]
[White "Riedel, Hans-Joachim"]
[Black "Renner, Wolfgang"]
[Result "1/2-1/2"]
[WhiteElo "1769"]
[BlackElo "1689"]
[PlyCount "53"]
[EventDate "2015.??.??"]
[WhiteTeam "SV Jenapharm Jena"]
[BlackTeam "SV Empor Erfurt"]

1. e4 d5 2. exd5 Nf6 3. Bb5+ Bd7 4. Bc4 b5 5. Bb3 Bg4 6. f3 Bf5 7. Qe2 Nxd5 8.
Qxb5+ c6 9. Qc4 e6 10. d3 Bd6 11. Ne2 Nb6 12. Qd4 e5 13. Qf2 N8d7 14. Nbc3 a5
15. a4 O-O 16. Be3 Rb8 17. O-O Be7 18. Ne4 Nd5 19. Kh1 Nxe3 20. Qxe3 Bxe4 21.
dxe4 Nc5 22. Qc3 Qb6 23. Nc1 Rfd8 24. Qc4 Ne6 25. Nd3 Rd4 26. Qc3 Nf4 27. Nxe5
1/2-1/2

[Event "Landesklasse Ost 2015/2016"]
[Site "?"]
[Date "2015.12.20"]
[Round "5"]
[White "Kompe, Jörg"]
[Black "Skarus, Steffen"]
[Result "0-1"]
[WhiteElo "1828"]
[BlackElo "1768"]
[PlyCount "60"]
[EventDate "2015.??.??"]
[WhiteTeam "SV Empor Erfurt"]
[BlackTeam "SV Jenapharm Jena"]

1. d4 g6 2. c4 Bg7 3. Nc3 c5 4. d5 d6 5. e4 Nf6 6. Nf3 O-O 7. Be2 Na6 8. O-O
Nc7 9. Re1 a6 10. Bf1 Bg4 11. h3 Bxf3 12. Qxf3 Nd7 13. Qe2 Rb8 14. a4 e6 15.
Bf4 e5 16. Be3 f5 17. f3 Ne8 18. Qc2 f4 19. Bf2 Nef6 20. Kh2 Nh5 21. Ne2 Bf6
22. g4 fxg3+ 23. Nxg3 Nf4 24. Bg2 Bg5 25. Rg1 Rf7 26. Bh1 Qf8 27. Ne2 Qh6 28.
Nxf4 Bxf4+ 29. Bg3 Nf6 30. Qg2 Nh5 0-1

[Event "Landesklasse Ost 2015/2016"]
[Site "?"]
[Date "2015.12.20"]
[Round "5"]
[White "Hesse, Norbert"]
[Black "Zugehör, Frank"]
[Result "0-1"]
[WhiteElo "1715"]
[BlackElo "1885"]
[PlyCount "52"]
[EventDate "2015.??.??"]
[WhiteTeam "SV Jenapharm Jena"]
[BlackTeam "SV Empor Erfurt"]

1. e4 d6 2. d4 Nf6 3. Nc3 g6 4. f3 Bg7 5. Be3 O-O 6. Qd2 c6 7. O-O-O b5 8. a3
a5 9. h4 b4 10. Na4 Bd7 11. axb4 axb4 12. b3 Qa5 13. Qd3 c5 14. dxc5 Bxa4 15.
bxa4 Qxa4 16. Qb3 Nxe4 17. Qxa4 Rxa4 18. Bd4 Nf2 19. Bxg7 Kxg7 20. Bb5 Ra1+ 21.
Kd2 Nxd1 22. Ne2 Ra5 23. Bd3 Nf2 24. Re1 Nxd3 25. Kxd3 dxc5 26. Nf4 Rd8+ 0-1

[Event "Landesklasse Ost 2015/2016"]
[Site "?"]
[Date "2015.12.20"]
[Round "5"]
[White "Wahlicht, Mike"]
[Black "Asmykovich, Ihar"]
[Result "0-1"]
[WhiteElo "1731"]
[BlackElo "1669"]
[PlyCount "51"]
[EventDate "2015.??.??"]
[WhiteTeam "SV Empor Erfurt"]
[BlackTeam "SV Jenapharm Jena"]

1. e4 e5 2. Nf3 Nf6 3. Nxe5 d6 4. Nxf7 Kxf7 5. d4 g6 6. Nc3 Bg7 7. Bd3 Re8 8.
O-O Kg8 9. h3 b6 10. f4 Bb7 11. e5 Nh5 12. Qe1 c5 13. Ne4 dxe5 14. dxe5 Bxe4
15. Bxe4 Qd4+ 16. Kh2 Bxe5 17. Bxa8 Bxf4+ 18. Bxf4 Rxe1 19. Raxe1 Nxf4 20. Re8+
Kg7 21. Rxb8 Ne2 22. Rb7+ Kh6 23. Rb1 Qd8 24. Rf1 Qd6+ 25. Kh1 Ng3+ 26. Kg1 0-1

[Event "Landesklasse Ost 2015/2016"]
[Site "?"]
[Date "2015.12.20"]
[Round "5"]
[White "Fauth, Frank"]
[Black "Ulrich, Thomas"]
[Result "1/2-1/2"]
[WhiteElo "1668"]
[BlackElo "1532"]
[PlyCount "85"]
[EventDate "2015.??.??"]
[WhiteTeam "SV Jenapharm Jena"]
[BlackTeam "SV Empor Erfurt"]

1. d4 Nf6 2. Nf3 g6 3. c4 Bg7 4. Nc3 O-O 5. e4 d6 6. h3 e5 7. Be3 Qe7 8. d5 c5
9. dxc6 bxc6 10. Be2 Na6 11. O-O Bb7 12. Qa4 Nd7 13. Rfd1 Nac5 14. Qa3 a5 15.
Rd2 f5 16. Bg5 Nf6 17. exf5 gxf5 18. Rad1 Rfd8 19. Bxf6 Qxf6 20. Na4 Ne4 21.
Rc2 c5 22. Nb6 Ra7 23. Nd5 Bxd5 24. Rxd5 Qe7 25. Rd1 Ng5 26. Nxg5 Qxg5 27. Qf3
e4 28. Qh5 Qxh5 29. Bxh5 Be5 30. Rd5 Kg7 31. Rd1 a4 32. Re1 Rb7 33. Ree2 Rdb8
34. g4 Rxb2 35. Rxb2 Rxb2 36. Rxb2 Bxb2 37. gxf5 Kf6 38. Bg4 Ke5 39. Kf1 h5 40.
Bxh5 Kxf5 41. Be8 a3 42. Ke2 Bd4 43. f3 1/2-1/2

[Event "Landesklasse Ost 2015/2016"]
[Site "?"]
[Date "2015.12.20"]
[Round "5"]
[White "Mattner, Uwe"]
[Black "Griechen, Harry"]
[Result "1-0"]
[WhiteElo "1578"]
[BlackElo "1626"]
[PlyCount "75"]
[EventDate "2015.??.??"]
[WhiteTeam "SV Empor Erfurt"]
[BlackTeam "SV Jenapharm Jena"]

1. d4 g6 2. c4 Bg7 3. Nc3 d6 4. e4 Nd7 5. f3 e5 6. d5 Ngf6 7. Bg5 O-O 8. Qd2 a6
9. Bd3 Qe8 10. Nge2 Nc5 11. Bc2 b5 12. b4 Nb7 13. cxb5 axb5 14. O-O Bd7 15.
Rfd1 c5 16. dxc6 Bxc6 17. Bb3 Bd7 18. Nd5 Nxd5 19. Bxd5 Bc6 20. Nc3 Kh8 21.
Nxb5 Bxb5 22. Bxb7 Rb8 23. Bd5 Ba4 24. Rdc1 Qd7 25. a3 f5 26. Rc3 fxe4 27. fxe4
Rbc8 28. Rac1 Rxc3 29. Qxc3 Bb5 30. h3 Ba6 31. Qc6 Qa7+ 32. Kh2 Bf1 33. Qc3 Rf2
34. Rc2 Rf8 35. Be3 Qa6 36. Qb3 Bb5 37. Rc7 Ra8 38. Bxa8 1-0

[Event "Landesklasse Ost 2015/2016"]
[Site "?"]
[Date "2015.12.20"]
[Round "5"]
[White "Auerswald, Klaus"]
[Black "Aydin, Benjamin"]
[Result "1-0"]
[WhiteElo "1551"]
[BlackElo "1691"]
[PlyCount "47"]
[EventDate "2015.??.??"]
[WhiteTeam "SV Jenapharm Jena"]
[BlackTeam "SV Empor Erfurt"]

1. e4 e5 2. d4 exd4 3. Bc4 Nc6 4. Nf3 Bc5 5. c3 dxc3 6. Bxf7+ Kxf7 7. Qd5+ Ke8
8. Qxc5 d6 9. Qxc3 Nf6 10. O-O Be6 11. Bg5 h6 12. Bh4 g5 13. Bg3 Qe7 14. Re1
Kd7 15. Na3 Rag8 16. e5 Nd5 17. Qd2 Qf7 18. exd6 cxd6 19. Nb5 Kd8 20. Nxd6 Qd7
21. Nxb7+ Kc8 22. Nc5 Qf7 23. Rxe6 Nf4 24. Rxc6+ 1-0

[Event "Landesklasse Ost 2015/2016"]
[Site "?"]
[Date "2015.12.20"]
[Round "5"]
[White "Buring, Matthias"]
[Black "Neubauer, Ralf"]
[Result "1-0"]
[WhiteElo "2055"]
[BlackElo "1854"]
[PlyCount "91"]
[EventDate "2015.??.??"]
[WhiteTeam "SG Arnstadt-Stadtilm"]
[BlackTeam "SV Schott Jena"]

1. e4 c5 2. Nf3 d6 3. d4 cxd4 4. c3 Nf6 5. Bd3 dxc3 6. Nxc3 Nc6 7. h3 g6 8. O-O
a6 9. Be3 Bg7 10. Rc1 O-O 11. Qe2 Bd7 12. Rfd1 b5 13. a3 h6 14. Bb1 Rc8 15. Nd4
Na5 16. f4 Nc4 17. Bf2 Qa5 18. Nb3 Qd8 19. Bd4 e6 20. Rc2 Ne8 21. Kh1 Qh4 22.
Bxg7 Kxg7 23. Qf3 Bc6 24. Rf2 Qf6 25. Nd4 Ba8 26. Qg3 e5 27. fxe5 Qxe5 28. Qg4
Nf6 29. Nf5+ Kh7 30. Qh4 Ng8 31. Nd5 Nxb2 32. Rdf1 Bxd5 33. exd5 Rc4 34. g4
Qxd5+ 35. Kg1 Nd3 36. Ne3 Qe6 37. Bxd3 Rc3 38. Bxg6+ Qxg6 39. Nd5 Rxa3 40. Ne7
Qd3 41. Rxf7+ Rxf7 42. Rxf7+ Kh8 43. Qf2 Qb1+ 44. Kh2 Qd3 45. Qb2+ Rc3 46.
Qxc3+ 1-0

[Event "Landesklasse Ost 2015/2016"]
[Site "?"]
[Date "2015.12.20"]
[Round "5"]
[White "Richter, Sebastian"]
[Black "Sauer, Marko"]
[Result "1-0"]
[WhiteElo "1761"]
[BlackElo "2043"]
[PlyCount "63"]
[EventDate "2015.??.??"]
[WhiteTeam "SV Schott Jena"]
[BlackTeam "SG Arnstadt-Stadtilm"]

1. e4 c5 2. Nf3 Nc6 3. d4 cxd4 4. Nxd4 Nf6 5. Nc3 a6 6. Nxc6 dxc6 7. Qxd8+ Kxd8
8. Bf4 Be6 9. O-O-O+ Ke8 10. f3 g6 11. g4 Bg7 12. Kb1 h5 13. g5 Nd7 14. Ne2 Ne5
15. Nd4 Rd8 16. Be2 Bh3 17. Be3 Nd7 18. Nb3 e5 19. Rd2 Bf8 20. Rhd1 Be7 21. c3
b5 22. Na5 Rc8 23. Nb7 Rc7 24. Nd6+ Kf8 25. f4 Kg7 26. f5 gxf5 27. Nxf5+ Bxf5
28. exf5 Bc5 29. f6+ Kh7 30. Rxd7 Rxd7 31. Rxd7 Re8 32. Bxc5 1-0

[Event "Landesklasse Ost 2015/2016"]
[Site "?"]
[Date "2015.12.20"]
[Round "5"]
[White "Zeising, Benjamin"]
[Black "Seifert, Michael"]
[Result "1/2-1/2"]
[WhiteElo "1821"]
[BlackElo "1828"]
[PlyCount "90"]
[EventDate "2015.??.??"]
[WhiteTeam "SG Arnstadt-Stadtilm"]
[BlackTeam "SV Schott Jena"]

1. Nc3 d5 2. d4 Nf6 3. e4 e6 4. Bd3 c5 5. dxc5 Bxc5 6. exd5 exd5 7. Bg5 Be6 8.
Qf3 Be7 9. h3 O-O 10. Nge2 Nbd7 11. O-O Ne5 12. Qe3 Nxd3 13. Qxd3 h6 14. Be3
Qc8 15. Bd4 Bf5 16. Qd1 Qc4 17. Bxf6 Bxf6 18. Qxd5 Qxd5 19. Nxd5 Bxc2 20. Nxf6+
gxf6 21. Rac1 Rac8 22. Nc3 Bd3 23. Rfd1 Rfd8 24. Rd2 Bf5 25. Rcd1 Rxd2 26. Rxd2
Kg7 27. Rd4 Be6 28. Rd3 Rc5 29. a3 Kg6 30. f4 f5 31. Kf2 a6 32. Kg3 Rc4 33. Rd2
Kg7 34. Ne2 Re4 35. Kf3 Rc4 36. Nd4 Kf6 37. Kg3 Bc8 38. Kh4 Kg6 39. g3 Rc1 40.
Rc2 Rxc2 41. Nxc2 Bd7 42. Nd4 Bc8 43. Nb3 Be6 44. Nc5 Bd5 45. Nd3 f6 1/2-1/2

[Event "Landesklasse Ost 2015/2016"]
[Site "?"]
[Date "2015.12.20"]
[Round "5"]
[White "Schulz, Uwe"]
[Black "Riedel, Erich"]
[Result "1-0"]
[WhiteElo "1690"]
[BlackElo "1742"]
[PlyCount "171"]
[EventDate "2015.??.??"]
[WhiteTeam "SV Schott Jena"]
[BlackTeam "SG Arnstadt-Stadtilm"]

1. d4 e6 2. c4 d5 3. Nf3 f5 4. Bg5 Nf6 5. Nc3 c6 6. e3 Bd6 7. Qc2 O-O 8. Bd3 a6
9. Bh4 Qe8 10. O-O-O Ne4 11. Bg3 Be7 12. Na4 Nd7 13. c5 Nxg3 14. hxg3 Nf6 15.
Nb6 Rb8 16. Ne5 Nd7 17. Nbxd7 Bxd7 18. Rh3 Bf6 19. Ng4 h5 20. Nxf6+ Rxf6 21.
Rdh1 Rh6 22. Be2 g6 23. g4 fxg4 24. Bxg4 Kg7 25. f4 Qf7 26. Rh4 Rbh8 27. Bf3
Qf6 28. g3 Be8 29. Qh2 g5 30. fxg5 Qxg5 31. Kd2 Bg6 32. g4 Rf8 33. Be2 Kh8 34.
gxh5 Bf5 35. Rg1 Qf6 36. Qf4 Kh7 37. Rg5 Qe7 38. Qg3 Rf7 39. Rf4 Rg7 40. Rxg7+
Qxg7 41. Qh4 Rf6 42. Bg4 Rf7 43. Qg3 Kh6 44. Qh4 Qg5 45. Qxg5+ Kxg5 46. Be2 Rg7
47. Kc3 Kh6 48. Rf2 Rg3 49. Rf3 Rg2 50. Bd1 Kg5 51. Rf1 Rg3 52. Re1 Bg4 53.
Bxg4 Rxg4 54. Rh1 Kh6 55. Rh3 Rg2 56. a3 a5 57. b3 Ra2 58. Rf3 Kxh5 59. Rf6 Ra1
60. Rxe6 Rc1+ 61. Kb2 Re1 62. Re7 Kg4 63. Kc3 Kf3 64. Kd2 Re2+ 65. Kd3 Ra2 66.
a4 Ra1 67. Rf7+ Kg3 68. Rxb7 Kf2 69. Rf7+ Ke1 70. Rf6 Rd1+ 71. Kc2 Rd2+ 72. Kc3
Re2 73. Rf3 Ra2 74. Rf6 Kd1 75. Rf1+ Ke2 76. Rf6 Kd1 77. b4 Ra3+ 78. Kb2 axb4
79. Rxc6 Kd2 80. Rd6 Rxe3 81. Rxd5 Kd3 82. c6 Re2+ 83. Kb3 Re1 84. Kxb4 Rb1+
85. Kc5 Rc1+ 86. Kd6 1-0

[Event "Landesklasse Ost 2015/2016"]
[Site "?"]
[Date "2015.12.20"]
[Round "5"]
[White "Jank, Kevin"]
[Black "Bönisch, Julian"]
[Result "1/2-1/2"]
[WhiteElo "1728"]
[BlackElo "1615"]
[PlyCount "40"]
[EventDate "2015.??.??"]
[WhiteTeam "SG Arnstadt-Stadtilm"]
[BlackTeam "SV Schott Jena"]

1. e4 e6 2. Nf3 d5 3. e5 c5 4. b4 cxb4 5. d4 Nc6 6. a3 Qa5 7. Bd2 Qb6 8. Bxb4
Bxb4+ 9. axb4 Qxb4+ 10. c3 Qb6 11. Bd3 f6 12. O-O fxe5 13. dxe5 Qc7 14. Re1 Nh6
15. Bc2 O-O 16. Qd3 g6 17. h4 Nf5 18. Ra4 Bd7 19. Rg4 Be8 20. Qd2 Na5 1/2-1/2

[Event "Landesklasse Ost 2015/2016"]
[Site "?"]
[Date "2015.12.20"]
[Round "5"]
[White "Schmiedehausen, Thomas"]
[Black "Rudolf, Robby"]
[Result "0-1"]
[WhiteElo "1527"]
[BlackElo "1501"]
[PlyCount "106"]
[EventDate "2015.??.??"]
[WhiteTeam "SV Schott Jena"]
[BlackTeam "SG Arnstadt-Stadtilm"]

1. e4 c5 2. Nf3 Nc6 3. Nc3 a6 4. d4 cxd4 5. Nxd4 e6 6. a3 Bc5 7. Be3 Bb6 8. Be2
Nge7 9. Qd2 d5 10. Rd1 O-O 11. O-O Bc7 12. exd5 Nxd5 13. Nxd5 Qxd5 14. Nxc6
Qxc6 15. Bf3 Qb5 16. c3 Qe5 17. g3 Qf5 18. Qe2 Rb8 19. Bg2 Qg6 20. Qc4 Be5 21.
Bf4 b5 22. Qd3 Qxd3 23. Rxd3 Bxf4 24. gxf4 a5 25. Rd4 Ba6 26. Rfd1 g6 27. R1d2
Rb6 28. Bf3 Rfb8 29. Kg2 b4 30. cxb4 axb4 31. axb4 Rxb4 32. Rxb4 Rxb4 33. Kg3
Kg7 34. Rd6 Bb7 35. Bxb7 Rxb7 36. Rd2 Rb4 37. Rc2 Kf6 38. f3 h6 39. h4 g5 40.
fxg5+ hxg5 41. hxg5+ Kxg5 42. Rc5+ f5 43. Kf2 Rxb2+ 44. Ke3 Rb3+ 45. Kf2 Kf6
46. Ra5 f4 47. Ra2 e5 48. Ra6+ Kf5 49. Ra2 Ke6 50. Ra6+ Kd5 51. Ra2 Kd4 52.
Ra4+ Kd3 53. Ra2 Rc3 0-1

[Event "Landesklasse Ost 2015/2016"]
[Site "?"]
[Date "2015.12.20"]
[Round "5"]
[White "Habl, Klaus"]
[Black "Falk, Peter"]
[Result "1-0"]
[WhiteElo "1632"]
[BlackElo "1549"]
[PlyCount "57"]
[EventDate "2015.??.??"]
[WhiteTeam "SG Arnstadt-Stadtilm"]
[BlackTeam "SV Schott Jena"]

1. e4 Nf6 2. e5 Nd5 3. d4 d6 4. c4 Nb6 5. f4 dxe5 6. fxe5 Nc6 7. Be3 Bf5 8. a3
a5 9. Nf3 e6 10. Be2 Be7 11. O-O O-O 12. Nc3 a4 13. d5 Nb8 14. Nd4 N8d7 15.
Nxf5 exf5 16. d6 cxd6 17. exd6 Bg5 18. Bxg5 Qxg5 19. Qd4 Rac8 20. Bd3 g6 21.
Rfe1 Rfe8 22. Nb5 Nc5 23. Nc7 Rxe1+ 24. Rxe1 Nbd7 25. Nd5 Ne6 26. Rxe6 fxe6 27.
Ne7+ Kf7 28. Nxc8 Qc1+ 29. Bf1 1-0

[Event "Landesklasse Ost 2015/2016"]
[Site "?"]
[Date "2015.12.20"]
[Round "5"]
[White "Monossova, Maria"]
[Black "Bächer, Reinhard"]
[Result "0-1"]
[WhiteElo "1590"]
[BlackElo "1800"]
[PlyCount "34"]
[EventDate "2015.??.??"]
[WhiteTeam "SV Schott Jena"]
[BlackTeam "SG Arnstadt-Stadtilm"]

1. d4 Nf6 2. Bg5 Ne4 3. Bf4 d5 4. e3 c6 5. Ne2 Qb6 6. Qc1 Nd7 7. Nec3 g5 8.
Nxe4 gxf4 9. Nec3 fxe3 10. fxe3 Bh6 11. Nd1 Qxd4 12. Qd2 Qf6 13. Qd4 e5 14. Qg4
e4 15. Qe2 Ne5 16. Nd2 Rg8 17. h3 Bg5 0-1

[Event "Landesklasse Ost 2015/2016"]
[Site "?"]
[Date "2015.12.20"]
[Round "5"]
[White "Weiß, Thomas"]
[Black "Schlierf, Andre"]
[Result "0-1"]
[WhiteElo "1912"]
[BlackElo "1859"]
[PlyCount "90"]
[EventDate "2015.??.??"]
[WhiteTeam "SSV Vimaria 91 Weimar"]
[BlackTeam "Schachklub Weida"]

1. d4 f5 2. g3 Nf6 3. Bg2 d5 4. Nf3 e6 5. O-O Be7 6. c4 c6 7. b3 O-O 8. Ba3
Bxa3 9. Nxa3 Qe7 10. Nc2 Nbd7 11. Qd3 Ne4 12. a3 g5 13. b4 dxc4 14. Qe3 Nb6 15.
Ne5 Nd5 16. Qc1 Nd6 17. Ne3 Nxe3 18. Qxe3 Bd7 19. Rac1 Rad8 20. Nxc4 Nxc4 21.
Rxc4 Be8 22. f4 g4 23. Rc5 Qd6 24. Rd1 Rf7 25. Re5 Bd7 26. Qb3 a6 27. Rd3 h5
28. Qc4 Bc8 29. d5 cxd5 30. Rexd5 exd5 31. Bxd5 Qb6+ 32. Kg2 Rxd5 33. Qxd5 Qc6
34. Qxc6 bxc6 35. Rd6 Kg7 36. Kf2 Rc7 37. Ke3 c5 38. bxc5 Rxc5 39. Kd4 Rc7 40.
e4 Rd7 41. e5 Rxd6+ 42. exd6 Kf6 43. Kc5 Ke6 44. Kc6 Bd7+ 45. Kc7 Bb5 0-1

[Event "Landesklasse Ost 2015/2016"]
[Site "?"]
[Date "2015.12.20"]
[Round "5"]
[White "Künzel, Andre"]
[Black "Anschütz, Mario"]
[Result "0-1"]
[WhiteElo "1868"]
[BlackElo "1868"]
[PlyCount "106"]
[EventDate "2015.??.??"]
[WhiteTeam "Schachklub Weida"]
[BlackTeam "SSV Vimaria 91 Weimar"]

1. d4 e6 2. Nf3 d5 3. e3 f5 4. Bd3 Nf6 5. O-O Bd6 6. c4 c6 7. b3 O-O 8. Ba3 Ne4
9. Bxd6 Qxd6 10. Qc2 Nd7 11. Nc3 Rf6 12. Ne2 Rh6 13. h3 b6 14. Rac1 Bb7 15. Qb2
Rf8 16. b4 Qe7 17. a4 g5 18. Ne5 Nxe5 19. dxe5 g4 20. Nf4 gxh3 21. gxh3 Ng5 22.
Kh2 Kh8 23. Rg1 Nf3+ 24. Kg2 Nxg1 25. Rxg1 dxc4 26. Bxc4 c5+ 27. Kh2 cxb4 28.
Qb3 Re8 29. Qb2 Qc5 30. Bb5 Rc8 31. Bd7 Qc2 32. Qxc2 Rxc2 33. Kg3 Bc8 34. Be8
Kg7 35. Rd1 b3 36. Rb1 Kf8 37. Bb5 a6 38. Bf1 b2 39. Nd3 Rg6+ 40. Kh2 Bb7 41.
Rxb2 Rxb2 42. Nxb2 Rg7 43. Nd3 Rc7 44. Nb4 a5 45. Nd3 Rc2 46. Nf4 Kf7 47. Kg3
Bc6 48. Bd3 Rc3 49. Kh4 Bxa4 50. Bxf5 exf5 51. e6+ Ke8 52. Kg5 Bb3 53. Kf6 Rc6
0-1

[Event "Landesklasse Ost 2015/2016"]
[Site "?"]
[Date "2015.12.20"]
[Round "5"]
[White "Gräf, Michael"]
[Black "Schumann, Robert"]
[Result "0-1"]
[WhiteElo "1860"]
[BlackElo "1790"]
[PlyCount "78"]
[EventDate "2015.??.??"]
[WhiteTeam "SSV Vimaria 91 Weimar"]
[BlackTeam "Schachklub Weida"]

1. d4 d5 2. Nf3 Nf6 3. e3 g6 4. Bd3 Bg7 5. Nbd2 O-O 6. O-O Nbd7 7. c4 c6 8. e4
dxe4 9. Nxe4 Nxe4 10. Bxe4 Nf6 11. Bc2 Bg4 12. Be3 Qc7 13. h3 Be6 14. Qe2 h6
15. Rfd1 Rad8 16. Rac1 Qa5 17. Bb1 Qh5 18. Rc3 Nh7 19. Rb3 b5 20. d5 bxc4 21.
dxe6 Rxd1+ 22. Qxd1 cxb3 23. exf7+ Rxf7 24. Qxb3 Nf8 25. Bxa7 e6 26. Be3 Qd5
27. Qxd5 exd5 28. a4 Rb7 29. a5 Rxb2 30. Bd3 Ra2 31. a6 Kh7 32. Kh2 Ne6 33. Bb6
c5 34. Bb5 c4 35. a7 c3 36. Bd3 Nf4 37. Bb1 Ra6 38. Bc2 Ne6 39. g3 Bf6 0-1